Statistics for Countries with Most Stripped Olympic Medals

Click here to take the quiz!

General Stats

  • This quiz has been taken 106 times
  • The average score is 7 of 13

Answer Stats

medalscountry% Correct
36Russia
98%
11United States
97%
4China
88%
10Ukraine
58%
7Bulgaria
46%
4Spain
46%
11Belarus
43%
9Kazakhstan
38%
4Hungary
36%
5Turkey
36%
3Sweden
32%
3Uzbekistan
23%
3Armenia
21%

Score Distribution

Percentile by Number Answered

Percent of People with Each Score

Your Score History

You have not taken this quiz